Làm kế toán bằng máy vi tính

Đã lưu trong:
Bibliografiske detaljer
Hovedforfatter: Pgs.Nguyễn Văn Trứ
Format: Bog
Sprog:Vietnamese
Udgivet: TP Hồ Chí Minh 1996
Tags: Tilføj Tag
Ingen Tags, Vær først til at tagge denne postø!
Thư viện lưu trữ: Mạng thư viện Đại học Đà Nẵng
LEADER 00637nam a2200277 4500
001 000025948
003 1491
005 20150325120000.0
008 150325s vm 000 vie
020 |c 45000,0000 
040 |a D4 
100 |a Pgs.Nguyễn Văn Trứ 
245 |a Làm kế toán bằng máy vi tính 
260 |b TP Hồ Chí Minh  |c 1996 
300 |a 241tr. ; 
OWN |a LTT 
999 |a From the UDN01 
TYP |a Monograph 
TYP |a Printed language 
980 |a Mạng thư viện Đại học Đà Nẵng